| 000 | 00354 a2200133 4500 | ||
|---|---|---|---|
| 003 | Nust | ||
| 005 | 20170207171306.0 | ||
| 040 | _cNust | ||
| 082 | _a799 | ||
| 245 |
_aComdt visit FSc -57 Projects,Photographs-2015 _cMCS |
||
| 260 |
_aRawalpindi _bMCS _c09-04-2015 |
||
| 650 | _aPicttures of Comdt visit FSc -57 Projects,Photographs-2015 | ||
| 651 | _aSweet Memories-MCS | ||
| 942 | _cBK | ||
| 999 |
_c216533 _d216533 |
||